000 00567nam a2200217Ia 4500
003 OSt
005 20221005120054.0
006 a|||||r|||| 00| 0
007 ta
008 221004b |||||||| |||| 00| 0 tam d
024 _a51230
037 _cTextual
040 _aCRL
_cCRL
_btam
041 _2tam
_atam
082 _aO41,3(S:55)x, 31J3
100 _aThirukoodasundaram
_9625682
245 0 _aDasiyin kathal
650 _aCHINESE LITERATURE
942 _hO41,3(S:55)x, 31J3
_cTEXL
_2cc
999 _c1036808
_d1036808